[Event "POL-ch Universities (Women)"]
[Site "Lublin"]
[Date "2024.02.23"]
[Round "1"]
[White "Luka, Agnieszka"]
[Black "Harazinska, Magdalena"]
[Result "0-1"]
[WhiteElo "1264"]
[BlackElo "1950"]
[PlyCount "48"]
[EventDate "2024.02.22"]
[EventType "swiss"]
[EventRounds "9"]
[EventCountry "POL"]
[SourceTitle "CB10_2024"]
[SourceDate "2024.03.06"]
[SourceVersion "1"]
[SourceVersionDate "2024.03.06"]
[SourceQuality "1"]

1. d4 Nf6 2. c4 c5 3. e3 e6 4. Nf3 Be7 5. Be2 0-0 6. 0-0 b6 7. Nc3 Bb7 8. Qc2 d5 9. cxd5 exd5 10. b3 Nbd7 11. Bb2 Rc8 12. Qd2 Qc7 13. h3 Rfd8 14. Rac1 Qb8 15. Rfd1 h6 16. Qe1 Ne4 17. Bd3 cxd4 18. Nxd4 Ndc5 19. Nxe4 Nxd3 20. Rxd3 dxe4 21. Rdd1 Bf6 22. Rd2 Rc5 23. Qd1 Qc8 24. Rdc2 Ba6 0-1

[Event "POL-chT U19 2nd League"]
[Site "Iwonicz"]
[Date "2016.07.31"]
[Round "1.29"]
[White "Kozaczynska, Aleksandra"]
[Black "Luka, Agnieszka"]
[Result "1-0"]
[WhiteElo "1683"]
[BlackElo "1307"]
[PlyCount "81"]
[EventDate "2016.07.23"]
[EventType "team-swiss"]
[EventRounds "11"]
[EventCountry "POL"]
[SourceTitle "EXT 2019"]
[Source "ChessBase"]
[SourceDate "2018.10.10"]
[SourceVersion "1"]
[SourceVersionDate "2018.10.10"]
[SourceQuality "1"]
[WhiteTeam "Chylice KS Laura U19 II"]
[BlackTeam "Rzeszow RzKSz U19"]
[WhiteTeamCountry "POL"]
[BlackTeamCountry "POL"]

1. e4 c5 2. Nf3 d6 3. d4 cxd4 4. Nxd4 Nf6 5. Nc3 g6 6. Be3 Bg7 7. f3 Nc6 8. Qd2 Bd7 9. 0-0-0 0-0 10. g4 b5 11. Bxb5 Nxd4 12. Bxd4 Bxb5 13. Nxb5 a6 14. Nc3 Rb8 15. Nd5 Nxd5 16. exd5 Bxd4 17. Qxd4 Qa5 18. a3 Rfc8 19. Rd3 Rc7 20. Rhd1 Rbc8 21. R1d2 Rc4 22. Qe3 Qc7 23. Qe2 Qa7 24. Qf2 Qxf2 25. Rxf2 R8c5 26. b3 Rf4 27. Kd2 f5 28. Ke3 g5 29. h3 fxg4 30. hxg4 Kg7 31. c4 Rc8 32. Rd4 Rxd4 33. Kxd4 Rb8 34. b4 Kf6 35. Rh2 Kg6 36. Re2 Kf7 37. Kc3 Rb7 38. Kb3 Kf6 39. Ka4 Rc7 40. Re4 Ra7 41. Ka5 1-0

[Event "POL-chT U19 2nd League"]
[Site "Iwonicz"]
[Date "2016.07.31"]
[Round "2.83"]
[White "Luka, Agnieszka"]
[Black "Reszka, Zofia"]
[Result "1/2-1/2"]
[WhiteElo "1307"]
[BlackElo "1127"]
[PlyCount "100"]
[EventDate "2016.07.23"]
[EventType "team-swiss"]
[EventRounds "11"]
[EventCountry "POL"]
[SourceTitle "EXT 2019"]
[Source "ChessBase"]
[SourceDate "2018.10.10"]
[SourceVersion "1"]
[SourceVersionDate "2018.10.10"]
[SourceQuality "1"]
[WhiteTeam "Rzeszow RzKSz U19"]
[BlackTeam "Puszcza Marianska UKS Hetman U19"]
[WhiteTeamCountry "POL"]
[BlackTeamCountry "POL"]

1. d4 d5 2. c4 e6 3. cxd5 exd5 4. Nc3 Nf6 5. Bg5 Be6 6. e3 Be7 7. Qc2 0-0 8. Bd3 g6 9. Nge2 Nbd7 10. 0-0 c5 11. dxc5 Nxc5 12. a3 Rc8 13. b4 Nxd3 14. Qxd3 Re8 15. Nd4 Ng4 16. Bf4 Bd6 17. Nde2 Bxf4 18. Nxf4 Qh4 19. h3 Ne5 20. Qd4 Rc4 21. Qxe5 f6 22. Qd6 Rc6 23. Qxe6+ Rexe6 24. Nxe6 Rxe6 25. Nxd5 Re5 26. Nf4 g5 27. Nd3 Rd5 28. Rfd1 g4 29. Nf4 Rf5 30. hxg4 Qxg4 31. Rd8+ Kg7 32. Rad1 Rg5 33. R1d7+ Kh6 34. Rf7 Qf5 35. Rdf8 Qb1+ 36. Kh2 Rg4 37. Rxf6+ Kg5 38. Ne6+ Kh5 39. Rf5+ Kh6 40. R8f6+ Rg6 41. Rxg6+ hxg6 42. Rf4 Kh7 43. Rf7+ Kh8 44. Rxb7 Qd1 45. Rb8+ Kh7 46. Rd8 Qh5+ 47. Kg1 Qe5 48. Nd4 Qc7 49. Rd5 Qc1+ 50. Kh2 Qc7+ 1/2-1/2

[Event "POL-chT U19 2nd League"]
[Site "Iwonicz"]
[Date "2015.08.01"]
[Round "1.23"]
[White "Luka, Agnieszka"]
[Black "Waszczuk, Patrycja"]
[Result "0-1"]
[WhiteElo "1331"]
[BlackElo "1627"]
[PlyCount "74"]
[EventDate "2015.07.25"]
[EventType "team-swiss"]
[EventRounds "11"]
[EventCountry "POL"]
[SourceTitle "EXT 2019"]
[Source "ChessBase"]
[SourceDate "2018.10.10"]
[SourceVersion "1"]
[SourceVersionDate "2018.10.10"]
[SourceQuality "1"]
[WhiteTeam "Rzeszow U20"]
[BlackTeam "Krakow Wisla U19"]
[WhiteTeamCountry "POL"]
[BlackTeamCountry "POL"]

1. d4 d5 2. c4 c6 3. e3 e6 4. cxd5 exd5 5. Nc3 Nf6 6. Nf3 Bf5 7. Bd3 Bxd3 8. Qxd3 Bd6 9. 0-0 0-0 10. b3 Re8 11. Bb2 Ne4 12. Rac1 Nd7 13. Nd2 Qe7 14. Ncxe4 dxe4 15. Qc2 Rac8 16. Nc4 Bc7 17. Qe2 a6 18. f4 exf3 19. Rxf3 b5 20. Nd2 Nf6 21. h3 Nh5 22. Nf1 Nf6 23. Nd2 Ne4 24. Nxe4 Qxe4 25. Kh1 Bb6 26. Qd2 f6 27. Ba3 a5 28. Bc5 Bc7 29. Re1 f5 30. Ref1 g6 31. a3 Qd5 32. b4 axb4 33. axb4 Ra8 34. R3f2 Ra3 35. Re1 Bg3 36. Rfe2 Bxe1 37. Rxe1 Ra2 0-1

[Event "POL-chT3 Podkarpackie"]
[Site "Pstragowa"]
[Date "2014.05.04"]
[Round "8.18"]
[White "Luka, Agnieszka"]
[Black "Burdzy, Joanna"]
[Result "1/2-1/2"]
[WhiteElo "1299"]
[BlackElo "1560"]
[PlyCount "80"]
[EventDate "2014.04.30"]
[EventType "team-tourn"]
[EventRounds "9"]
[EventCountry "POL"]
[SourceTitle "EXT 2015"]
[Source "ChessBase"]
[SourceDate "2014.11.20"]
[SourceVersion "1"]
[SourceVersionDate "2014.11.20"]
[SourceQuality "1"]
[WhiteTeam "Rzeszow II"]
[BlackTeam "Tarnobrzeg"]
[WhiteTeamCountry "POL"]
[BlackTeamCountry "POL"]

1. d4 d5 2. c4 e6 3. Nc3 Nf6 4. cxd5 exd5 5. Bg5 c6 6. Qc2 Be7 7. e3 Be6 8. Bd3 Nbd7 9. Nge2 h6 10. Bh4 0-0 11. 0-0 Nh5 12. Bxe7 Qxe7 13. a3 c5 14. b3 cxd4 15. exd4 Rac8 16. Qd2 a6 17. b4 Nb6 18. Rac1 Qd6 19. Rfe1 Nf6 20. Nf4 Rfe8 21. Nxe6 Rxe6 22. Rxe6 Qxe6 23. Ne2 Rxc1+ 24. Qxc1 Qc8 25. Qxc8+ Nxc8 26. Kf1 Kf8 27. Ke1 Ke7 28. h3 Nd6 29. Nc3 Kd7 30. Kd2 Nfe4+ 31. Bxe4 Nxe4+ 32. Nxe4 dxe4 33. Kc3 Kd6 34. a4 b5 35. axb5 axb5 36. f3 f5 37. fxe4 fxe4 38. Kd2 Kd5 39. Ke3 g6 40. g3 g5 1/2-1/2

[Event "POL-chT3 Podkarpackie"]
[Site "Pstragowa"]
[Date "2014.04.30"]
[Round "1.24"]
[White "Luka, Agnieszka"]
[Black "Flisiak, Iwona"]
[Result "1/2-1/2"]
[WhiteElo "1299"]
[BlackElo "1203"]
[PlyCount "89"]
[EventDate "2014.04.30"]
[EventType "team-tourn"]
[EventRounds "9"]
[EventCountry "POL"]
[SourceTitle "EXT 2015"]
[Source "ChessBase"]
[SourceDate "2014.11.20"]
[SourceVersion "1"]
[SourceVersionDate "2014.11.20"]
[SourceQuality "1"]
[WhiteTeam "Rzeszow II"]
[BlackTeam "Sedziszow Malopolski"]
[WhiteTeamCountry "POL"]
[BlackTeamCountry "POL"]

1. d4 d5 2. c4 e6 3. cxd5 Qxd5 4. Nc3 Qd8 5. Nf3 Nf6 6. Bg5 Be7 7. e3 h6 8. Bf4 0-0 9. Bd3 Nc6 10. 0-0 Bd6 11. Bxd6 Qxd6 12. Nb5 Qd8 13. a3 a6 14. Nc3 Re8 15. Qc2 e5 16. dxe5 Nxe5 17. Nxe5 Rxe5 18. Rad1 Qe8 19. Be2 Rg5 20. Bf3 c6 21. Ne4 Nxe4 22. Qxe4 Re5 23. Qb4 Rb5 24. Qc3 Be6 25. Rd4 Rd8 26. Rfd1 Rxd4 27. Rxd4 Qe7 28. Qd2 Qf6 29. h3 Rg5 30. Bg4 Bxg4 31. Rxg4 Rxg4 32. hxg4 b5 33. Qd4 Qxd4 34. exd4 Kf8 35. Kf1 Ke7 36. Ke2 Ke6 37. Kd3 Kd5 38. f3 g5 39. b3 a5 40. g3 f6 41. b4 a4 42. Kc3 Kd6 43. Kd2 Ke6 44. Ke3 Kd5 45. Kd3 1/2-1/2